Movies Quiz

Random Movies or Quote Quiz

Highest Grossing Movies of 2008 by Quote Quiz Stats

 Plays Quiz not verified by Sporcle

Challenge
Share
Tweet
Embed
Score 0/25 Timer 05:00
0 Plays Today
% Correct
Iron Man
92%
Slumdog Millionaire
92%
WALL-E
88%
The Dark Knight
80%
High School Musical 3: Senior Year
78.7%
Mamma Mia!
74.7%
Hancock
70.7%
The Incredible Hulk
70.7%
10,000 B.C.
61.3%
Quantum of Solace
54.7%
Kung Fu Panda
53.3%
Sex and the City
52%
Wanted
49.3%
% Correct
The Chronicles of Narnia: Prince Caspian
48%
Indiana Jones and the Kingdom of the Crystal Skull
44%
Madagascar: Escape 2 Africa
44%
The Mummy: Tomb of the Dragon Emperor
42.7%
Twilight
38.7%
Gran Torino
37.3%
The Day the Earth Stood Still
34.7%
Journey to the Center of the Earth
33.3%
Marley and Me
25.3%
The Curious Case of Benjamin Button
21.3%
Bolt
21.3%
Dr. Seuss' Horton Hears a Who
18.7%

You're not logged in!

Compare scores with friends on all Sporcle quizzes.
Join for Free
OR
Log In

You Might Also Like...

Show Comments

Extras

Top Quizzes Today


Score Distribution

Your Account Isn't Verified!

In order to create a playlist on Sporcle, you need to verify the email address you used during registration. Go to your Sporcle Settings to finish the process.

Report this User

Report this user for behavior that violates our Community Guidelines.

Details: